| 000 | 00803cam a2200217 4500 | ||
|---|---|---|---|
| 008 | 000000n2000 000 0 eng u | ||
| 035 | _a(Sirsi) u107331 | ||
| 245 | _aAssured shorthold tenancies guidance | ||
| 260 | _c2000 | ||
| 490 |
_aEstates Gazette _v(0029) 22 July 2000, 123(2) |
||
| 520 | _aDetails Court of Appeal guidelines on assured shorthold tenancies, and the accelerated possession procedure, under the Civil Procedure Rules. | ||
| 590 | _aWB | ||
| 650 | _aASSURED SHORTHOLD TENANCIES | ||
| 650 | _aACCELERATED POSSESSION PROCEDURE | ||
| 650 | _aCIVIL PROCEDURE RULES | ||
| 650 | _aPRE-TENANCY NOTICE | ||
| 650 | _aMANEL V MEMON | ||
| 650 | _aSABELLA V MONTGOMERY | ||
| 690 | _aPROPERTY-RESIDENTIAL PROPERTY-RESIDENTIAL LANDLORD AND TENANT-RESIDENTIAL TENANCIES | ||
| 942 | _n0 | ||
| 999 |
_c64170 _d64170 |
||